Cyclisme - Coureurs qui battent ... Eddy Merckx - Statistiques

Statistiques générales
  • Ce quiz a été pris 84 fois
  • Le résultat moyen est 8 sur 15
Statistiques - réponses
Rang Record Réponse % Correct
2 Victoires d'étapes sur le Tour de France Mark Cavendish
96%
4 Classements par points (maillots verts) du Tour de France Peter Sagan / Erik Zabel /Sean Kelly
86%
3 Victoire de chaque Grand Tour à au moins 2 reprises Bernard Hinault / Alberto Contador
81%
3 Victoires sur Paris-Roubaix Roger De Vlaeminck / Tom Boonen
76%
4 Podiums finaux du Tour de France Raymond Poulidor / Bernard Hinault /Joop Zoetemelk
68%
2 Victoires de la Flèche wallonne Alejandro Valverde
66%
9 Victoires sur le Tour des Flandres Achiel Buysse / Tom Boonen / Eric Leman /Johan Museeuw / Fiorenzo Magni /
Fabian Cancellara / Mathieu van der Poel / Tadej Pogačar
59%
3 Victoires d'affilée du même Monument Fausto Coppi / Tadej Pogačar
54%
3 Classements généraux de Paris-Nice Sean Kelly / Jacques Anquetil
47%
5 Victoires d'étapes sur le Giro Mario Cipollini / Alfredo Binda / Learco Guerra / Costante Girardengo
43%
6 Classements par points (maillots cyclamen) du Giro Francesco Moser / Giuseppe Saronni /Roger De Vlaeminck / Mario Cipollini /
Johan van der Velde
39%
3 Victoires sur l'Amstel Gold Race Jan Raas / Philippe Gilbert
35%
2 Victoires en contre-la-montre sur le Tour de France Bernard Hinault
32%
4 Ecart le plus important avec le 2e au Tour de France Fausto Coppi / Gino Bartali / Hugo Koblet
29%
4 Victoires d'étapes lors d'une même édition de Grand Tour Freddy Maertens / Alfredo Binda /Alessandro Petacchi
29%
Aucun quiz correspondant
Distribution des résultats
% des personnes avec chaque résultat
Percentile par nombre de réponses
Votre historique - résultats
Vous n’avez pas pris ce quiz